000 00706cam a2200217 4500
001 WB3622-17
008 000000n2000 000 0 eng u
035 _a(Sirsi) u106361
245 _aTreading warily on rent reform
260 _c2000
490 _aHousing Today
_v(186) 1 June 2000 12-13 (2)
520 _aRent reform options are now on the agenda. Government has submitted proposals for the sector all of which involve linking rents with property values.
590 _aWB
650 _aRENT REFORM
650 _aHOUSING ASSOCIATIONS
650 _aPROPERTY VALUES
650 _aGOVERNMENT POLICY
650 _aHOUSING ASSOCIATION RENTS
690 _aAffordable housing
_96215
942 _n0
999 _c63705
_d63705